000 01088nam a2200277Ia 4500
003 OSt
005 20220923211441.0
006 a|||||r|||| 00| 0
007 ta
008 220922b |||||||| |||| 00| 0 hin d
020 _a9789350008553 (hbk)
_c695
024 _a348,616
037 _bGV791, 21/02/2019, Vani Prakashan
_cTextual
040 _aARTS
_cARTS
_bhin
041 _2hin
_ahin
082 _aO44(Y72):g, 152Q7
100 _aसोनटक्के, माधव, संपा.
245 0 _aभारतीय साहित्य और आदिवासी - विमर्श
246 _aBhāratīya sāhitya aur ādivāsī - vimarsha
260 _aनयी दिल्ली
_b वाणी प्रकाशन
_c2018
300 _a172पृ.
_ccm.
650 _a आदिवासी समाज
_9160538
650 _aभारतीय साहित्य
_9156264
942 _hO44(Y72):g, 152Q7
_cTEXL
_2CC
999 _c299670
_d299670